000 00662nam a22002057a 4500
005 20230209015400.0
008 230209b |||||||| |||| 00| 0 eng d
020 _a978-0-07-305151-2
082 _a304.2 F319 2008
100 _aFellman, Jerome D.
_eauthor
245 _aHuman geography:
_blandscapes of human /
_cJerome D. Fellman, Arthur Gelis, Judith Gelis
250 _a10th ed.
260 _aBoston:
_bMcGraw-Hill / Higher Education,
_cc2008.
300 _axvii, [526]p.;
_bcol. ill.
504 _aIncludes references and index
541 _e2002
650 _aHuman geography
700 _aGelis, Arthur
_eauthor
700 _aGelis, Judith
_eauthor
999 _c993
_d993